Fish! Tales : (Record no. 351845)

000 -LEADER
fixed length control field 00536nam a22001937a 4500
003 - CONTROL NUMBER IDENTIFIER
control field OSt
005 - DATE AND TIME OF LATEST TRANSACTION
control field 20180116183056.0
008 - FIXED-LENGTH DATA ELEMENTS--GENERAL INFORMATION
fixed length control field 161021b xxu||||| |||| 00| 0 eng d
020 ## - INTERNATIONAL STANDARD BOOK NUMBER
International Standard Book Number 0340821949
040 ## - CATALOGING SOURCE
Transcribing agency 0
082 ## - DEWEY DECIMAL CLASSIFICATION NUMBER
Classification number 658.314 LUN 2002
100 ## - MAIN ENTRY--PERSONAL NAME
Personal name Lundin,Stephen C.PhD.
245 ## - TITLE STATEMENT
Title Fish! Tales :
Remainder of title Real-Llife Stories to Help You Transform Your Workplace and Your Life.
Statement of responsibility, etc. Stephen C.Lundin
260 ## - PUBLICATION, DISTRIBUTION, ETC.
Place of publication, distribution, etc. London
Name of publisher, distributor, etc. Hodder Mobius
Date of publication, distribution, etc. 2002
300 ## - PHYSICAL DESCRIPTION
Extent 176p.
Other physical details PB.
440 ## - SERIES STATEMENT/ADDED ENTRY--TITLE
Title Fish! Tales :
500 ## - GENERAL NOTE
General note PB.
942 ## - ADDED ENTRY ELEMENTS (KOHA)
Source of classification or shelving scheme
Koha item type Book
Holdings
Withdrawn status Lost status Source of classification or shelving scheme Damaged status Not for loan Collection code Permanent Location Current Location Shelving location Date acquired Total Checkouts Full call number Barcode Date last seen Price effective from Koha item type
            Central Library (CL) Central Library (CL) General Stacks 10/21/2016   658.314 LUN 2002 NBSD-2884 08/27/2018 10/21/2016 Book
© 2023 Central Library, National University of Sciences and Technology. All Rights Reserved.